| 000 | 00424cam a2200181ua 4500 | ||
|---|---|---|---|
| 020 | _c6.00 | ||
| 041 |
_amal _h |
||
| 082 |
_a894.81209 _bDAM/KA |
||
| 100 | _aDamodaran, E V . | ||
| 245 |
_aKavyasameeksha / _cE V Damodaran. _hTextual Documents |
||
| 250 |
_a1 / _b. |
||
| 260 |
_aTrivandrum : _bUnion press , _c1965. |
||
| 300 | _a311 ; . | ||
| 365 | _a6.00 | ||
| 504 | _a | ||
| 942 | _cBK | ||
| 999 |
_c6670 _d6670 |
||